[Event "FIDE-Wch k.o."]
[Site "New Delhi/Teheran"]
[Date "2000.12.02"]
[Round "2.3"]
[White "Smirin, Ilia"]
[Black "Grischuk, Alexander"]
[Result "0-1"]
[WhiteElo "2677"]
[BlackElo "2606"]
[Annotator "Hecht,Hans Joachim"]
[PlyCount "128"]
[EventDate "2000.11.27"]
[EventType "k.o."]
[EventRounds "7"]
[EventCountry "IND"]
[SourceTitle "CBM 081"]
[Source "ChessBase"]
[SourceDate "2001.03.20"]
[SourceVersion "1"]
[SourceVersionDate "2001.03.20"]
[SourceQuality "1"]

1. c4 e6 2. Nc3 d5 3. d4 c5 4. cxd5 exd5 5. Nf3 Nc6 6. g3 Nf6 7. Bg2 Be7 8. O-O O-O 9. dxc5 Bxc5 10. Bg5 d4 11. Bxf6 Qxf6 12. Nd5 Qd8 13. Nd2 Re8 14. Rc1 Bb6 15. Nc4 Bg4 16. Re1 Bc5 17. a3 a6 18. b4 Ba7 19. Nf4 $146 ({RR} 19. Qd2 Rc8 20. a4 Be6 21. Nf4 Bxc4 22. Rxc4 Ne5 23. Rxc8 Qxc8 24. Rc1 Qd7 25. a5 d3 26. exd3 Ng4 27. Bh3 g6 28. Qa2 h5 29. Bxg4 hxg4 30. Qc4 g5 31. Nd5 Qf5 32. d4 Kg7 33. Ne3 Qf3 {Heberla,B (2531)-Berelowitsch,A (2521) Germany 2015 1-0 (61)}) ({RR} 19. Qd2 Rc8 20. a4 Be6 21. Nf4 Bxc4 22. Rxc4 Ne5 23. Rxc8 Qxc8 24. Rc1 Qd7 25. Qc2 d3 26. exd3 Bd4 27. h3 g6 28. Kh2 Kg7 29. Be4 h5 30. Nd5 Re6 31. f4 Rc6 32. Qd1 Rxc1 33. Qxc1 Qc6 {Van Wely,L (2670)-Grischuk,A (2668) Enghien les Bains 2001 ½-½ (53)}) ({RR} 19. Qd2 Rc8 20. a4 Be6 21. Nf4 Bxc4 22. Rxc4 Ne5 23. Rxc8 Qxc8 24. Rc1 Qd7 25. a5 d3 26. exd3 Ng4 27. Bh3 g6 28. Qa2 h5 29. Bxg4 hxg4 30. Qc4 g5 31. Nd5 Qf5 32. d4 Kg7 33. Ne3 Qf3 {Heberla,B (2531)-Berelowitsch,A (2521) Germany 2015 1-0 (61)}) ({RR} 19. Qd2 Rc8 20. a4 Be6 21. Nf4 Bxc4 22. Rxc4 Ne5 23. Rxc8 Qxc8 24. Rc1 Qd7 25. Qc2 d3 26. exd3 Bd4 27. h3 g6 28. Kh2 Kg7 29. Be4 h5 30. Nd5 Re6 31. f4 Rc6 32. Qd1 Rxc1 33. Qxc1 Qc6 {Van Wely,L (2670)-Grischuk,A (2668) Enghien les Bains 2001 ½-½ (53)}) 19... Rc8 20. Qb3 Bb8 21. Nd5 Bxe2 22. Ncb6 d3 23. Qa2 Rc7 24. Nxc7 Bxc7 25. Nd5 Bb8 26. Qd2 Nd4 27. Rc3 Ba7 28. Nf4 Nb3 29. Rxd3 Bxd3 30. Rxe8+ Qxe8 31. Qxd3 Qe1+ 32. Qf1 Bxf2+ 33. Kh1 Qxf1+ 34. Bxf1 Kf8 35. Bg2 b6 36. Bb7 a5 37. Bd5 Nd2 38. bxa5 bxa5 39. Kg2 Bd4 40. a4 Ke7 41. Nd3 f5 42. Bg8 h6 43. Ba2 g5 44. Bg8 Kd6 45. Ba2 Be3 46. Bf7 f4 47. gxf4 gxf4 48. h4 Ke7 49. Bd5 Kd6 50. Bf7 Ke7 51. Bd5 Kf6 52. Kh3 Kf5 53. Bc6 Nb1 54. Bf3 Nc3 55. Bc6 Ne2 56. Bb7 Nd4 57. Bd5 Nc2 58. Bb3 Nb4 59. Nxb4 axb4 { Zwei wesentliche Merkmale prägen dieses Endspiel: a) der schwarze Läufer kann den weißen Freibauern nicht so stoppen, dass gleichzeitig ein eigener Freibauer gedeckt werden kann; (siehe dazu auch Zilbermann-Eljanov) b) der schwarze Läufer ist in Bezug auf den h-Bauern der "falsche".} 60. Bc2+ Ke5 61. Kg4 h5+ (61... Bb6 62. Kf3 Bc7 63. Bb3 Kd4 64. h5 Kc3 65. Bd1 b3 66. Bxb3 Kxb3 67. a5 Kc3 68. a6 Bb8 69. a7 Bxa7 70. Kxf4 Kd3 71. Kg3 $11) 62. Kf3 Bb6 63. Bg6 $4 {[%mdl 28672]} (63. Bb3 Bd8 64. Bf7 Bxh4 65. Bxh5 b3 66. Bf7 b2 67. Bg6 Bd8 68. Bb1 Bc7 69. Bh7 Kd4 70. a5 $11 {und der "Remisfreibauer" macht seinem Namen alle Ehre.}) 63... b3 64. Bxh5 {Verliert auf der Stelle.} ({Aber auch der Rückzug} 64. Bf7 b2 65. Bg6 Bd8 66. Bb1 Bxh4 67. a5 Bd8 68. a6 Bb6 69. Bc2 Ba7 70. Bb1 Bb8 71. Bh7 h4 (71... Kd4 $2 72. a7 Bxa7 73. Kxf4 $11) 72. Kg4 h3 73. Kxh3 Kd4 74. Kg2 Ke3 75. Kf1 f3 76. Bb1 f2 77. Bc2 Ba7 78. Bh7 Kd2 $19 {rettet nicht mehr, weil durch das Vorstoßen des f-Bauern bis nach f2 der schwarze Läufer in der Lage ist, den f-Bauern zu decken und zugleich den a-Bauern zu stoppen. Der weiße a-Bauer hat sich also vom ursprünglichen "Remisfreibauer" in einen Nachtwächter verwandelt.}) 64... Kf6 $1 0-1

[Event "EU-Cup 32nd"]
[Site "Novi Sad"]
[Date "2016.11.12"]
[Round "7.2"]
[White "Giri, Anish"]
[Black "Dominguez Perez, Leinier"]
[Result "1-0"]
[WhiteElo "2767"]
[BlackElo "2752"]
[Annotator "Krasenkow,Michal"]
[PlyCount "105"]
[EventDate "2016.11.06"]
[EventType "team-swiss"]
[EventRounds "7"]
[EventCountry "SRB"]
[SourceTitle "CBM 176"]
[Source "ChessBase"]
[SourceDate "2017.01.17"]
[SourceVersion "1"]
[SourceVersionDate "2017.01.17"]
[SourceQuality "1"]
[WhiteTeam "Siberia"]
[BlackTeam "Mednyi Vsadnik"]
[WhiteTeamCountry "RUS"]
[BlackTeamCountry "RUS"]

1. c4 c5 2. Nf3 Nf6 3. Nc3 Nc6 4. e3 e6 5. b3 d5 6. cxd5 exd5 7. Bb2 Bd6 8. d4 cxd4 9. Nxd4 O-O 10. Be2 Re8 11. O-O {This position arises from various openings (mostly from the Tarrasch Defence with 4.e3).} Nxd4 $146 (11... a6 {is another popular move here.}) ({RR} 11... a6 12. Rc1 Nxd4 13. Qxd4 Be5 14. Qd3 Bd7 15. Rfd1 Rc8 16. h3 Qa5 17. Bf3 Bc6 18. Qd2 d4 19. exd4 Bxf3 20. gxf3 Bb8 21. d5 Rcd8 22. Qg5 h6 23. Qg2 Nh5 24. Kh1 Be5 25. Ba1 Nf4 26. Qg4 {Tabatabaei,M (2677)-Aryan,C (2617) Sharjah UAE 2023 ½-½ (38)}) ({RR} 11... a6 12. Rc1 Nxd4 13. Qxd4 Be5 14. Qd3 Bd7 15. Rfd1 Rc8 16. h3 Qa5 17. Bf3 Bc6 18. Qd2 d4 19. exd4 Bxf3 20. gxf3 Bb8 21. d5 Rcd8 22. Qg5 h6 23. Qg2 Nh5 24. Kh1 Be5 25. Ba1 Nf4 26. Qg4 {Tabatabaei,M (2677)-Aryan,C (2617) Sharjah UAE 2023 ½-½ (38)}) ({RR} 11... a6 12. Rc1 Nxd4 13. Qxd4 Be5 14. Qd3 Bd7 15. Rfd1 Rc8 16. h3 Qa5 17. Bf3 Bc6 18. Qd2 d4 19. exd4 Bxf3 20. gxf3 Bb8 21. d5 Rcd8 22. Qg5 h6 23. Qg2 Nh5 24. Kh1 Be5 25. Ba1 Nf4 26. Qg4 {Tabatabaei,M (2677)-Aryan,C (2617) Sharjah UAE 2023 ½-½ (38)}) ({RR} 11... a6 12. Rc1 Nxd4 13. Qxd4 Be5 14. Qd3 Bd7 15. Rfd1 Rc8 16. h3 Qa5 17. Bf3 Bc6 18. Qd2 d4 19. exd4 Bxf3 20. gxf3 Bb8 21. d5 Rcd8 22. Qg5 h6 23. Qg2 Nh5 24. Kh1 Be5 25. Ba1 Nf4 26. Qg4 {Tabatabaei,M (2677)-Aryan,C (2617) Sharjah UAE 2023 ½-½ (38)}) 12. Qxd4 Be5 13. Qd3 (13. Qh4 Bf5 14. Rac1 d4 {1/2 (14) Uhlmann,W-Gligoric,S Havana 1969}) (13. Qd2 Bg4 (13... Ne4 14. Nxe4 Bxb2 15. Rad1 Ba3 16. Qxd5 $16 {1-0 (50) Bisguier,A-Burger,R San Francisco 1961}) (13... Bd7 14. Rfd1 Bc6 15. Bf3 Qb8 16. Kh1 {1/2 (16) Rajkovic,D-Parma,B Sarajevo 1973}) (13... d4 $5 14. Rad1 (14. exd4 Qxd4 15. Qxd4 Bxd4 16. Bf3 Rb8 17. Rfd1 Be5 18. Na4 Bxb2 19. Nxb2 Bg4 $11 {1/2 (24) Winants,L (2480)-Giddins,S (2345) Antwerp 1995}) 14... Ng4 15. g3 $5 (15. h3 Qh4 16. exd4 Bh2+ 17. Kh1 Bd6 18. Bb5 Re3 19. f4 {1-0 (24) Khismatullin,D (2657)-Ionov,S (2548) Dagomys 2010} Rg3 $40) 15... Nxh2 16. Rfe1 $13) 14. Bxg4 (14. Bb5 Bd7 15. Bxd7 Qxd7 16. Rad1 Rac8 17. Na4 Qf5 18. Bxe5 Qxe5 19. Qd4 Qxd4 20. exd4 Rc2 $15 {1/2 (36) Van der Sterren,P (2560)-Van der Wiel,J (2570) Wijk aan Zee 1995}) 14... Nxg4 (14... Bxh2+ $2 15. Kxh2 Nxg4+ 16. Kh3 $1 Qg5 17. Qd4 $1 Qh5+ 18. Kg3 Nh6 19. Rh1 $1 Nf5+ 20. Kf4 Qg6 21. Qxd5 Re6 {1-0 (40) Miles,A (2565)-Ljubojevic,L (2605) Bugojno 1978 MCL [Bulletin]} 22. g4 Ne7 23. Qd1 $16) 15. h3 Nf6 16. Rfd1 Rc8 17. Rac1 Rc6 18. Nb5 (18. Na4 Ne4 19. Qe2 Bb8 20. Rxc6 bxc6 21. Qg4 g6 22. h4 h5 23. Qh3 Be5 $15 {0-1 (32) Ivanov,J (2420)-Korneev,O (2600) Tenerife 2001}) 18... Ne4 19. Qe2 Bb8 20. Rxc6 bxc6 21. Qg4 g6 22. Nd4 Qf6 23. Qe2 Qd6 24. Nf3 Ng5 25. Kf1 $13 {0-1 (29) Brunner,L (2530)-Timman,J (2590) Biel 1995}) 13... Ne4 14. Nxe4 (14. Na4 $6 Bxh2+ $5 (14... Bxb2 15. Nxb2 Qg5 16. Bf3 Qe5 17. Na4 Bf5 18. Bxe4 dxe4 19. Qc3 Qe7 $11 {1/2 (25) Mozetic,D (2440)-Pavlovic,M (2461) Novi Sad 2000}) 15. Kxh2 Qh4+ 16. Kg1 Re6 17. Qd4 Rg6 18. g3 Qh3 $1 (18... Qxg3+ 19. fxg3 Rxg3+ 20. Kh2 Rh3+ 21. Kg2 Rg3+ $10) {and now White has the only way to survive:} 19. Qxd5 $1 (19. Qe5 Bg4 $19 {: 1-0 (31) Chekhov,V (2535)-Novikov,I (2420) Lvov 1984 URS-ch [Chekhov]}) 19... Bf5 20. Rad1 $1 (20. Bf3 $4 Rh6) 20... Rf8 (20... Re8 21. Qd8) 21. Qe5 f6 22. Bc4+ Kh8 23. Qe7 {forcing} Rxg3+ 24. fxg3 Qxg3+ $11) 14... Bxb2 15. Rad1 Bf5 16. Qd2 Bxe4 17. Qxb2 {The position has been simplified, and Black's isolani becomes a serious drawback. Still, the position of White's pawn on b3 (instead of b2) makes his advantage less significant due to the weakness of the c3-square and lack of space for queen manoeuvres on the queenside.} Rc8 (17... Qg5 18. g3 h5 $132 {V.Chekhov, I.Novikov}) 18. Rc1 Qb6 19. Rfd1 h6 20. Qd2 Red8 21. Bd3 Qg6 $6 {[%mdl 16384]} (21... g6 $142 {If White plays f2-f3 forcing ...e4xd3 then his e3-pawn and the position of his king become weak, which guarantees Black a sufficient defence. Of course,} 22. Bxe4 dxe4 {is harmless.}) 22. Bxe4 Qxe4 {This recapture is now forced, which is a big achievement for White: the weakness of Black's d5-pawn becomes very serious.} (22... dxe4 23. Qxd8+ Rxd8 24. Rxd8+ {is clearly bad for Black.}) 23. g3 Rxc1 24. Qxc1 Qf5 (24... Qe7 $5 {preventing c1-c5, and then ...f7-f5 preventing the possible e3-e4. However, in any case Black's position remains difficult.}) 25. Qc5 b6 26. Qc7 Qd7 27. Qe5 Qe6 28. Qd4 {[%cal Re3e4]} f5 29. h4 $1 Rd7 30. Qc3 Kf7 31. h5 Qf6 32. Rd4 Ke7 33. a4 $1 {White creates a new weakness on the queenside.} Qe5 34. a5 bxa5 35. Qxa5 {[%csl Ra7,Rd5,Rf5]} Qe6 36. Rf4 Qe5 37. Qc5+ Ke6 38. Qc8 Ke7 39. Qc5+ Ke6 40. Qc6+ Ke7 41. Qg6 Qf6 42. Rxf5 Qxg6 43. hxg6 {White has won a pawn and gradually converts his material advantage in the rook ending:} Ke6 44. Rf8 h5 45. Kg2 d4 46. exd4 Rxd4 47. f4 Rd5 48. Rf7 Rb5 49. Rxg7 Kf6 50. Rxa7 Kxg6 51. Ra6+ Kg7 52. Kh3 Rxb3 53. Ra5 (53. Ra5 Kg6 54. Kh4 $18 {[%cal Ra5g5]}) 1-0

[Event "Gashimov Memorial 5th"]
[Site "Shamkir"]
[Date "2018.04.27"]
[Round "8"]
[White "Ding, Liren"]
[Black "Mamedov, Rauf"]
[Result "1-0"]
[WhiteElo "2778"]
[BlackElo "2704"]
[Annotator "Krasenkow,Michal"]
[PlyCount "83"]
[EventDate "2018.04.19"]
[EventType "tourn"]
[EventRounds "9"]
[EventCountry "AZE"]
[EventCategory "21"]
[SourceTitle "CBM 184"]
[Source "ChessBase"]
[SourceDate "2018.05.16"]
[SourceVersion "1"]
[SourceVersionDate "2018.05.16"]
[SourceQuality "1"]

1. d4 d5 2. c4 e6 3. Nf3 c5 4. cxd5 exd5 5. g3 Nc6 6. Bg2 Nf6 7. O-O Be7 8. Nc3 O-O 9. Bg5 c4 10. e3 $5 {A recently popular move. Its idea is to get the e2-square for the knight in some variations. b2-b3 remains White's main plan but he wants to play it in a more comfortable situation than in the main line} (10. b3 Qa5 {etc.}) 10... Be6 (10... Qa5 $6 11. Ne5 Rd8 12. f4 h6 13. Bh4 Bf5 $2 14. g4 Bh7 15. g5 Ne4 16. g6 Bxg6 17. Nxc6 bxc6 18. Bxe7 $18 {1-0 (31) Zueger,B (2445)-Flueckiger,C (2318) Switzerland 2006}) (10... h6 11. Bxf6 Bxf6 12. b3 $14) 11. b3 {[%mdl 4] The most logical continuation but a lot of alternatives have been seen in practice:} (11. Bxf6 Bxf6 12. b3 Qa5 13. Ne2 {1-0 (60) Kozul,Z (2588)-Zelcic,R (2540) Porec 2014} b5 $13) (11. Ne1 Ne8 $6 (11... Qd7 $5) 12. Bxe7 Nxe7 13. b3 Rc8 14. bxc4 Rxc4 15. Ne2 f6 16. Nf4 $14 {1-0 (53) Salgado Lopez,I (2607)-Vera Gonzalez Quevedo,R (2513) Vecindario 2010}) (11. Nd2 Qa5 (11... Nd7 12. Bxe7 Nxe7 13. b3 Qa5 14. Qc2 b5 15. e4 Nc6 16. exd5 Nxd4 17. Qd1 Bg4 18. Qxg4 Qxc3 19. Ne4 f5 20. Nxc3 fxg4 21. Rfd1 $16 {1-0 (33) Graf,A (2643)-Meinhardt,M (2372) Neustadt an der Weinstrasse 2009}) (11... Rc8 12. b3 Qa5 13. Bxf6 Bxf6 14. bxc4 Qxc3 15. cxd5 $16 {1-0 (37) Ruperez,M (2229)-Barrionuevo,P (2312) Villa Martelli 2014}) (11... h6 12. Bxf6 Bxf6 13. b3 cxb3 14. Nxb3 Rc8 15. Nc5 b6 16. Nxe6 fxe6 17. Ne2 g5 18. Rc1 Qd7 19. Qd3 $14 {1-0 (34) Zoler,D (2484)-Rostgaard,T (2287) Helsingor 2016}) 12. a3 h6 13. Bxf6 Bxf6 14. Qh5 Rad8 15. Rfc1 {1-0 (38) Graf,A (2604)-Meins,G (2446) Osterburg 2006 CBM 112 [Ftacnik,L]} Rd7 16. b3 Rfd8 $13) (11. Ne5 Nd7 $5 (11... Qa5 12. f4 Rad8 {1-0 (33) Cserey,G (2350)-Bene,K (2265) Hungary 1995} 13. f5 Bc8 14. Bxf6 Bxf6 15. Ng4 $16) (11... h6 12. Bxf6 Bxf6 13. Nxc6 bxc6 14. b3 cxb3 15. Qxb3 Rb8 16. Qc2 $14) 12. Nxd7 Qxd7 13. Bxe7 Nxe7 14. Re1 Rfd8 15. b4 b5 16. a4 a5 17. Qb1 Nc6 18. axb5 Nxb4 $13 {1-0 (34) Enders,P (2495)-Michaelsen,N (2435) Germany 1996}) 11... cxb3 (11... Qa5 12. Qc2 (12. Ne2 $5) 12... h6 13. Bxf6 Bxf6 14. bxc4 dxc4 15. Rab1 $14 Bf5 $6 16. Ne4 Be7 17. Rxb7 $16 {1-0 (40) Relange,E (2478)-Pecot,L (2225) France 1999}) 12. Qxb3 $14 {White's small advantage consists of his superior pawn structure (2 islands vs 3, with Black's d5-pawn being a serious weakness).} ({RR} 12. axb3 Ne4 13. Bxe7 Qxe7 14. Ne2 Rfc8 15. Nd2 Nxd2 16. Qxd2 Qb4 17. Qa2 Qd6 18. Rfc1 b6 19. Nf4 a5 20. Qe2 Nb4 21. h4 Bf5 22. g4 Bc2 23. Nxd5 Bxb3 24. Nxb4 Qxb4 25. Bxa8 Rxa8 26. Qb2 a4 {Vrolijk,L (2537)-Van Harten,W (1986) Leiden NED 2026 ½-½ (60)}) ({RR} 12. axb3 Ne4 13. Bxe7 Qxe7 14. Ne2 Rfc8 15. Nd2 Nxd2 16. Qxd2 Qb4 17. Qa2 Qd6 18. Rfc1 b6 19. Nf4 a5 20. Qe2 Nb4 21. h4 Bf5 22. g4 Bc2 23. Nxd5 Bxb3 24. Nxb4 Qxb4 25. Bxa8 Rxa8 26. Qb2 a4 {Vrolijk,L (2537)-Van Harten,W (1986) Leiden NED 2026 ½-½ (60)}) 12... Na5 (12... Ne4 13. Bxe7 Qxe7 14. Rfc1 $14) 13. Qb2 Ne4 $146 ({RR} 13... a6 14. Ne5 b5 15. Nd3 Nc4 16. Qe2 Rc8 17. Rfc1 Bg4 18. Qe1 Be6 19. Bxf6 gxf6 20. Qe2 Qd7 21. Nf4 Nb6 22. Qh5 Rfd8 23. Qh6 Bf8 24. Qxf6 Rc6 25. Qg5+ Kh8 26. Nh5 Qe7 27. Qe5+ f6 28. Nxf6 {Thybo,J (2496)-Rostgaard,T (2416) Denmark 2018 1-0 (40)}) ({RR} 13... a6 14. Ne5 b5 15. Nd3 Nc4 16. Qe2 Rc8 17. Rfc1 Bg4 18. Qe1 Be6 19. Bxf6 gxf6 20. Qe2 Qd7 21. Nf4 Nb6 22. Qh5 Rfd8 23. Qh6 Bf8 24. Qxf6 Rc6 25. Qg5+ Kh8 26. Nh5 Qe7 27. Qe5+ f6 28. Nxf6 {Thybo,J (2496)-Rostgaard,T (2416) Denmark 2018 1-0 (40)}) 14. Nxe4 {White helps Black to repair his pawn structure but obtains a potentially strong protected passed pawn.} (14. Bxe7 $5 Qxe7 15. Ne5 f6 16. Nd3 {was a more complicated alternative.}) 14... dxe4 15. Bxe7 Qxe7 16. Nd2 Nc4 ({Also after} 16... f5 17. Rfc1 {[%cal Yg2f1] White keeps initiative.}) 17. Nxc4 Bxc4 18. Rfc1 Rac8 19. a4 g6 20. a5 Rc6 $6 {Underestimating White's reply.} (20... Bd5 $5 21. Bh3 Rc7) 21. Bf1 $1 {[%mdl 32] White exchanges Black's important bishop, a defender of his position.} b5 $6 (21... Bd5 22. Rxc6 Bxc6 23. Rc1 {[%cal Yc1c5] is now clearly favourable for White.}) (21... Rfc8 $142 22. Rxc4 Rxc4 23. Bxc4 Rxc4 24. Rb1 Rc7 $14) 22. axb6 Rxb6 23. Qa3 Qxa3 24. Rxa3 Bxf1 25. Kxf1 $16 {[%mdl 4096] This rook endgame is much better for White: Black's a-pawn is weak, and White's d-pawn is strong; besides, Black's kingside pawn structute is quite vulnerable: his e4-pawn can only be relatively safely protected by ...f7-f5, which, however, enables the g3-g4 undermining. g3-g4 is possible before ...f7-f5, too.} a6 26. Rc5 $6 (26. Rca1 $142 $1 Ra8 27. g4 {(Chesspro.ru)} f5 28. gxf5 gxf5 29. Ra5 $16) 26... f5 27. h3 Rff6 28. Kg2 h5 29. Raa5 {It turns out that it is not easy for White to push g3-g4 now:} (29. g4 $6 fxg4 30. hxg4 Rb2) (29. Ra2 {[%cal Yg3g4]} Rfc6 $1) 29... Kg7 (29... Rfc6 30. Rxc6 Rxc6 31. g4 $1) 30. Rc7+ Rf7 31. Rc8 h4 $1 32. Re8 hxg3 33. Kxg3 Rb3 34. Kg2 Rb2 $1 {[%mdl 512] Black finally gives up his a6-pawn to activate his rooks and create counterplay.} 35. Rxa6 f4 36. exf4 Rxf4 37. Ra7+ Kh6 $4 {[%mdl 8192] But this is a bad blunder.} (37... Kf6 {was correct. If} 38. Kg3 {then} Rf3+ 39. Kg4 Rbxf2 40. Rxe4 {(there is nothing better as White can't mate Black's king)} Rd3 {, and Black should not lose.}) 38. Kg3 $1 {It turns out that the position of Black's king on h6 is fatal.} Rf6 (38... Rf3+ 39. Kg4 {[%cal Re8h8]}) (38... Rbxf2 39. Rh8+ Kg5 40. h4+ Kf5 (40... Rxh4 41. Ra5+ $1) 41. Rf8+ $18) 39. h4 g5 40. Rh8+ Kg6 41. Rg8+ Kf5 42. Rxg5+ (42. Rxg5+ Ke6 43. Re5+ Kd6 44. Ra6+ $18) 1-0